| 000 | 00000nam 2200000za 4500 |
| 001 | 9.570213 |
| 003 | CaOODSP |
| 005 | 20210624182132 |
| 007 | cr ||||||||||| |
| 008 | 150406|2009 onc|||||o f|0| 0 eng d |
| 040 | |aCaOODSP|beng |
| 043 | |an-cn--- |
| 086 | 1 |aNH18-1/362-2009E-PDF |
| 110 | 2 |aCanada Mortgage and Housing Corporation. |
| 245 | 10|aComparing Canadian new urbanist and conventional suburban neighbourhoods |h[electronic resource] : |bfinal report / |cby Ray Tomalty & Murtaza Haider ; with the assistance of Craig Alleva ... [et al.]. |
| 246 | 1 |iAdditional title (within publication) : |aComparaison de quartiers canadiens reflétant les principes du nouvel urbanisme avec des banlieues traditionnelles |
| 260 | |aOttawa - Ontario : |bCanada Mortgage and Housing Corporation |cDecember 2009 (final report), June 2010 (Research highlight). |
| 300 | |a136p.|bfigs. (some coloured), maps, references, tables, photographs |
| 490 | 1 |aResearch report |
| 500 | |aIncludes: Research highlight (Socio-economic series 10-003, June 2010) under the same title -- Y compris: Le point en recherche (Série socio-économique 10-003, Juin 2010) sous le titre "Comparaison de quartiers canadiens reflétant les principes du nouvel urbanisme avec des banlieues traditionnelles". |
| 546 | |a(Y compris «Le point en recherche» en français.) |
| 590 | |a11-27-Supp|b2011-11-15 |
| 720 | 1 |aTomalty, Ray |
| 720 | 1 |aHaider, Murtaza |
| 720 | 1 |aAlleva, Craig |
| 830 | #0|aResearch report (Canada Mortgage and Housing Corporation : Online)|w(CaOODSP)9.506068 |
| 856 | 40|ahttp://publications.gc.ca|qPDF|s3.41 MB|uhttps://publications.gc.ca/collections/collection_2011/schl-cmhc/nh18-1/NH18-1-362-2009-eng.pdf |